| 000 | 00366nam a2200145Ia 4500 | ||
|---|---|---|---|
| 008 | 230917s9999||||xx |||||||||||||| ||und|| | ||
| 040 |
_e106298 _aMAIN |
||
| 041 | _aEnglish | ||
| 082 | _a005.133 B469O | ||
| 100 | _aBhave, M P | ||
| 245 | 0 | _aObject-oriented programming with C++ | |
| 260 |
_aNew Delhi _bPearson education _c2004 |
||
| 300 | _a483 p. | ||
| 942 | _cBK | ||
| 999 |
_c128945 _d128945 |
||